00920nam a22001817a 4500003000900000008004100009040007100050082002800121100002600149245004500175260004600220300002900266505034000295650002100635650002400656650002000680650003800700AR-CdUCM190321b ||||| |||| 00| 0 spa d aMUNICIPALIDAD PROVINCIAL DEL CUSCOcBIBLIOTECA MUNICIPAL DEL CUSCO a780.98561 / bOJ3822ed aOjeda Vizcarra, Pablo aImportancia de la música cusqueña /  aCusco : bMunicipalidad del Qosqo,c1990. a125 páginas ; c21 cm. aContenido: La música cusqueña frente a al política de donación cultural -- La música indígena del Perú -- Breve recuento histórico -- Músico nacional peruana -- Somos un pueblos que forja su destino -- El criollismo y sus limitaciones -- La intelectualidad cusqueña y la reinvindicación de la música andina ... aMúsica - Cusco aMúsica cusqueña aMúsica andina aMúsica - Análisis y crítica